| 000 | 00871nam a22002177a 4500 | ||
|---|---|---|---|
| 005 | 20240514070238.0 | ||
| 008 | 230622b |||||||| |||| 00| 0 eng d | ||
| 020 | _a9789211129427 | ||
| 040 |
_aCBULib _cCBULib |
||
| 041 | _aeng | ||
| 099 | _aUNCTAD(02)2019/9 | ||
| 110 | _aUnited Nations Conference on Trade and Development (UNCTAD) | ||
| 245 |
_aBuilding digital competencies to benefit from frontier technologies _c/ by United Nations Conference on Trade and Development (UNCTAD) |
||
| 260 |
_aGeneva _bUnited Nations _c2019 |
||
| 300 | _avii, 27 pages : illustrations | ||
| 610 | _aUNITED NATIONS CONFERENCE ON TRADE AND DEVELOPMENT(UNCTAD) | ||
| 650 | _aAPPROPRIATE TECHNOLOGY--DEVELOPING COUNTRIES | ||
| 650 | _aTECHNICAL ASSISTANCE--DEVELOPING COUNTRIES | ||
| 856 | _uhttps://unctad.org/system/files/official-document/dtlstict2019d3_en.pdf | ||
| 942 | _c029 | ||
| 999 |
_c79377 _d79377 |
||